000 00966nam a2200301Ia 4500
003 OSt
005 20221007120857.0
006 a|||||r|||| 00| 0
007 ta
008 221006b |||||||| |||| 00| 0 eng d
020 _a9780521842105 (hbd)
024 _a80707
037 _b200/07-08, 22/02/2008, N R Book Distributors
_cTextual
040 _aBDL
_cBDL
_beng
041 _2eng
_aeng
082 _aG91:(F), P7 Carb
100 _aGlazer Alexander N
245 0 _aMicrobial biotechnology: Fundamentals of applied microbiology
_b Nikaido H
250 _a2
260 _aCambridge
_bCambridge University Press
_c2007
300 _axvii,554p. ill.
_ccm.
500 _aIndex 541-554p
650 _a Biotechnology
650 _aBotany
700 _a Nikaido H
_9234986
942 _hG91:(F), P7 Carb
_cTEXL
_2CC
999 _c1208139
_d1208139